The International adjustment mechanism (Record no. 12505)
[ view plain ]
| 000 -CABECERA | |
|---|---|
| campo de control de longitud fija | 00557nam#a2200205#c#4500 |
| 003 - IDENTIFICADOR DEL NÚMERO DE CONTROL | |
| campo de control | IEF |
| 005 - FECHA Y HORA DE LA ÚLTIMA TRANSACCIÓN | |
| campo de control | 20210923115339.0 |
| 008 - CÓDIGOS DE INFORMACIÓN DE LONGITUD FIJA | |
| campo de control de longitud fija | 950601s1969 uuu####fr####| 0||u| |u |
| 040 ## - FUENTE DE LA CATALOGACIÓN | |
| Centro catalogador de origen | IEF |
| Centro transcriptor | ES-MaIEF |
| 110 2# - PUNTO DE ACCESO PRINCIPAL - NOMBRE DE ENTIDAD CORPORATIVA | |
| Nombre de entidad corporativa o nombre de jurisdicción como elemento inicial | Federal Reserve Bank of Boston |
| 9 (RLIN) | 31105 |
| 245 ## - MENCIÓN DE TÍTULO | |
| Título | The International adjustment mechanism |
| 260 ## - PUBLICACIÓN, DISTRIBUCIÓN, ETC. (PIE DE IMPRENTA) | |
| Fecha de publicación distribución etc. | 1969 |
| 490 ## - MENCIÓN DE SERIE | |
| Mención de serie | Federal Reserve Bank of Boston. Conference series ; 2 |
| 650 #4 - PUNTO DE ACCESO ADICIONAL DE MATERIA--TÉRMINO DE MATERIA | |
| 9 (RLIN) | 50225 |
| Término de materia o nombre geográfico como elemento inicial | MONEDA |
| 650 #4 - PUNTO DE ACCESO ADICIONAL DE MATERIA--TÉRMINO DE MATERIA | |
| 9 (RLIN) | 48062 |
| Término de materia o nombre geográfico como elemento inicial | POLITICA MONETARIA |
| 650 #4 - PUNTO DE ACCESO ADICIONAL DE MATERIA--TÉRMINO DE MATERIA | |
| 9 (RLIN) | 48564 |
| Término de materia o nombre geográfico como elemento inicial | TIPO DE CAMBIO |
| 942 ## - ELEMENTOS DE PUNTO DE ACCESO ADICIONAL (KOHA) | |
| Tipo de ítem Koha | Libros |
| Fuente del sistema de clasificación o colocación | |
| 942 ## - ELEMENTOS DE PUNTO DE ACCESO ADICIONAL (KOHA) | |
| Fuente del sistema de clasificación o colocación | |
| Estado de retiro | Estado de pérdida | Estado dañado | No para préstamo | Localización permanente | Fecha de adquisición | Signatura topográfica completa | Código de barras | Fecha visto por última vez | Precio válido a partir de | Tipo de ítem Koha |
|---|---|---|---|---|---|---|---|---|---|---|
| Disponible para préstamo | IEF | 1995-06-01 | 30184 | 30184 | 2018-02-19 | 2018-02-19 | Libros |